| 000 | 003200000a22001210004500 | ||
|---|---|---|---|
| 090 |
_aAS _bSeriadas |
||
| 245 | 1 | 0 | _aIdentidad de Scheelea insignis (<Palmae>) |
| 041 | 0 | _aEspaƱol | |
| 700 | 1 |
_aBernal, Rodrigo G. _93790 |
|
| 100 | 1 |
_aGaleano, Gloria _9443 |
|
| 942 | _cARTICULO | ||
| 773 | 1 |
_tCaldasia _345 _h76 _q10-13 _d1989 _g16 |
|
| 999 |
_c14572 _d14572 |
||